| 000 | 00592nam a2200193 i 4500 | ||
|---|---|---|---|
| 001 | bgj | ||
| 245 | 1 | 0 |
_aZeitschrift für Literaturwissenschaft und Linguistik. _chrsg. von Helmut Kreuzer [et al.]. ; Eduard Schaefer _nHeft 9-10/1973, _pPragmatik und Didaktik der Literatur / |
| 260 |
_aFrankfurt am Main : _bAthenäum, _c1973. |
||
| 300 |
_a182 s. ; _c23 cm. |
||
| 504 | _aBibliogr. s. [181]-182. | ||
| 650 | 9 | _aLiteratura | |
| 700 | 1 | _aKREUZER, Helmut. | |
| 040 | _cBPK | ||
| 041 | 0 | _ager | |
| 044 | _aDEU | ||
| 080 | _a82 | ||
| 942 | _cKS | ||
| 008 | s gw f |000 0 ger | ||
| 999 |
_c49952 _d49952 |
||
| 856 |
_uhttp://koha.tu.koszalin.pl/cgi-bin/koha/opac-detail.pl?biblionumber=49952 _yKatalog online BPK |
||